|
|
|
|
| LEADER |
01650nam a2200421za 4500 |
| 001 |
001002267 |
| 003 |
CZ BrMZK |
| 005 |
20201023102059.0 |
| 007 |
ta |
| 008 |
090601s2009 enka|||erp |||||0 engod |
| 020 |
|
|
|a 9780230717190
|q (brož.)
|
| 040 |
|
|
|a BOA001
|b cze
|
| 072 |
|
7 |
|a 811.111
|x Angličtina
|2 Konspekt
|9 11
|
| 072 |
|
7 |
|a 37.016
|x Učební osnovy. Vyučovací předměty. Učebnice
|2 Konspekt
|9 22
|
| 080 |
|
|
|a 811.111
|2 MRF
|
| 080 |
|
|
|a 339
|2 MRF
|
| 080 |
|
|
|a 316.776
|2 MRF
|
| 080 |
|
|
|a 81'373.46
|2 MRF
|
| 080 |
|
|
|a (07.062)81
|2 MRF
|
| 080 |
|
|
|a (07.063)81
|2 MRF
|
| 100 |
1 |
|
|a Clarke, Simon
|7 pna2007389094
|4 aut
|
| 245 |
1 |
0 |
|a In company :
|b pre-intermediate student's book with CD ROM /
|c Simon Clarke
|
| 246 |
3 |
3 |
|a In company. Pre-intermediate. Student's book
|
| 250 |
|
|
|a 2nd edition
|
| 260 |
|
|
|a Oxford :
|b Macmillan,
|c 2009
|
| 300 |
|
|
|a 159 s. :
|b il. +
|e sada 2 kompaktních disků CD-A 417 a 1 kompaktní disk CD-R 127
|
| 500 |
|
|
|a Obálkový podnázev CEF level A2-B1
|
| 650 |
0 |
7 |
|a angličtina
|7 ph114056
|2 czenas
|
| 650 |
0 |
7 |
|a obchod
|7 ph115513
|2 czenas
|
| 650 |
0 |
7 |
|a obchodní komunikace
|7 ph123556
|2 czenas
|
| 650 |
0 |
7 |
|a oborová terminologie
|7 ph138998
|2 czenas
|
| 653 |
0 |
|
|a jazyková úroveň A2
|a jazyková úroveň B1
|
| 655 |
|
7 |
|a jazykové učebnice, texty, příručky (A)
|7 fd600889
|2 czenas
|
| 655 |
|
7 |
|a jazykové učebnice, texty, příručky (B)
|7 fd600891
|2 czenas
|
| 910 |
|
|
|a BOA001
|b AK-0004.571,1
|
| 990 |
|
|
|a BK
|
| 991 |
|
|
|b 200911
|y British Council Brno - Czech Republic
|z 000050858
|x 99
|
| 996 |
7 |
|
|b 261E008323
|c AK-0004.571,1
|l Anglická knihovna/2.patro
|r ZHR
|n 25
|h EB 19
|w 001002267
|u 000010
|a 0
|e BOA001
|j MZK50
|s A
|